000
00340nam a2200145Ia 4500
008
230718s9999 xx 000 0 und d
041
_a
Eng.
082
_a
29763
_b
SCH-A
100
_a
Schimmel, Annemarie
245
4
_a
And Muhammad is this
260
_a
Pakistan
_b
Sangemeel Ruthie
_c
2003
300
_a
377
650
_a
Law
999
_c
26649
_d
26649